[Event "Montreal Mercredi 01"]
[Site "Montreal"]
[Date "2019.01.18"]
[Round "4"]
[White "Zheng, Richard"]
[Black "Tremblay, Alain"]
[Result "1/2-1/2"]
[WhiteElo "2073"]
[BlackElo "2057"]
[PlyCount "40"]
[EventDate "2019.01.09"]
[EventType "swiss"]
[EventRounds "5"]
[EventCountry "CAN"]
[SourceTitle "EXT 2022"]
[Source "ChessBase"]
[SourceDate "2021.10.06"]
[SourceVersion "1"]
[SourceVersionDate "2021.10.06"]
[SourceQuality "1"]

1. d4 Nf6 2. c4 e6 3. Nc3 d5 4. cxd5 exd5 5. Bg5 Be7 6. Qc2 c6 7. e3 Nbd7 8. Bd3 Nh5 9. Bxe7 Qxe7 10. Nge2 g6 11. Ng3 Ng7 12. 0-0-0 Nb6 13. Rhe1 0-0 14. Kb1 Be6 15. f4 f5 16. Nf1 Ne8 17. Nd2 Nd6 18. Nf3 Ne4 19. Ne5 Rac8 20. Nxe4 dxe4 1/2-1/2

[Event "Montreal Varennes op"]
[Site "Montreal"]
[Date "2018.10.07"]
[Round "4"]
[White "Tremblay, Alain"]
[Black "Atanasov, Anthony"]
[Result "1-0"]
[WhiteElo "2076"]
[BlackElo "1961"]
[PlyCount "67"]
[EventDate "2018.10.05"]
[EventType "swiss"]
[EventRounds "5"]
[EventCountry "CAN"]
[SourceTitle "CBM 187 Extra"]
[Source "ChessBase"]
[SourceDate "2018.11.04"]
[SourceVersion "1"]
[SourceVersionDate "2018.11.04"]
[SourceQuality "1"]

1. c4 Nf6 2. Nf3 g6 3. d4 Bg7 4. Nc3 d5 5. cxd5 Nxd5 6. Bd2 0-0 7. e4 Nxc3 8. Bxc3 e6 9. Rc1 b6 10. Bb4 Re8 11. Bb5 Bd7 12. Bd3 c5 13. dxc5 Bxb2 14. 0-0 Nc6 15. Bc3 Bxc1 16. Qxc1 e5 17. Qh6 Qf6 18. Bc4 Be6 19. Bb5 Bd7 20. Rd1 Rad8 21. Rd6 Re6 22. Ng5 Rxd6 23. Qxh7+ Kf8 24. cxd6 Qg7 25. Qh4 f6 26. Bxc6 fxg5 27. Qxg5 Rc8 28. Bxe5 Qh7 29. Bxd7 Rc1+ 30. Qxc1 Qxd7 31. Qh6+ Ke8 32. Qh8+ Kf7 33. Qg7+ Ke6 34. Qf6# 1-0

[Event "Montreal Mercredi 04"]
[Site "Montreal"]
[Date "2018.04.25"]
[Round "4"]
[White "Tremblay, Alain"]
[Black "Rodrigue Lemieux, Shawn"]
[Result "0-1"]
[WhiteElo "2091"]
[BlackElo "2328"]
[PlyCount "104"]
[EventDate "2018.04.04"]
[EventType "swiss"]
[EventRounds "5"]
[EventCountry "CAN"]
[SourceTitle "EXT 2022"]
[Source "ChessBase"]
[SourceDate "2021.10.06"]
[SourceVersion "1"]
[SourceVersionDate "2021.10.06"]
[SourceQuality "1"]

1. e4 c6 2. d4 d5 3. exd5 cxd5 4. Bd3 Nc6 5. c3 Qc7 6. Ne2 Bg4 7. 0-0 Nf6 8. Qe1 e6 9. Bf4 Bd6 10. Bg3 0-0 11. Na3 a6 12. Nc2 Rfe8 13. Ne3 Bh5 14. Bxd6 Qxd6 15. Ng3 Bg6 16. Bxg6 hxg6 17. Qd1 b5 18. a3 Rec8 19. Re1 a5 20. Ng4 b4 21. axb4 axb4 22. Ne5 Nd7 23. Nxd7 Qxd7 24. h4 Rxa1 25. Qxa1 bxc3 26. bxc3 Qc7 27. h5 gxh5 28. Nxh5 Ne7 29. Re3 Nf5 30. Rf3 Qd8 31. Qe1 Qg5 32. Rh3 Nh4 33. Ng3 Qg4 34. Qe2 Qg5 35. Qh5 Qxh5 36. Nxh5 Nf5 37. Nf4 Ra8 38. Rd3 Ra1+ 39. Kh2 g5 40. Nh5 Kh7 41. Nf6+ Kg6 42. Nd7 Ra2 43. Kg1 Nd6 44. Ne5+ Kg7 45. Rf3 f6 46. Nd7 Ne4 47. g3 Ra3 48. Kg2 g4 49. Rf4 f5 50. f3 Ra2+ 51. Kf1 Nxg3+ 52. Ke1 Ne2 0-1

[Event "Montreal Mercredi 02"]
[Site "Montreal"]
[Date "2018.03.21"]
[Round "5"]
[White "Tremblay, Alain"]
[Black "Rodrigue Lemieux, Shawn"]
[Result "1/2-1/2"]
[WhiteElo "2070"]
[BlackElo "2317"]
[PlyCount "30"]
[EventDate "2018.02.21"]
[EventType "swiss"]
[EventRounds "5"]
[EventCountry "CAN"]
[SourceTitle "EXT 2022"]
[Source "ChessBase"]
[SourceDate "2021.10.06"]
[SourceVersion "1"]
[SourceVersionDate "2021.10.06"]
[SourceQuality "1"]

1. e4 c6 2. d4 d5 3. exd5 cxd5 4. Bd3 Nc6 5. c3 Qc7 6. Bg5 Nf6 7. Nd2 g6 8. Qf3 Bg4 9. Qg3 Qxg3 10. hxg3 Bg7 11. f3 Bd7 12. 0-0-0 0-0 13. Re1 Rac8 14. Kb1 Rfe8 15. Ne2 Na5 1/2-1/2

[Event "Montreal Mercredi 02"]
[Site "Montreal"]
[Date "2018.02.21"]
[Round "1"]
[White "Tremblay, Alain"]
[Black "Zheng, Richard"]
[Result "1-0"]
[WhiteElo "2070"]
[BlackElo "2098"]
[PlyCount "65"]
[EventDate "2018.02.21"]
[EventType "swiss"]
[EventRounds "5"]
[EventCountry "CAN"]
[SourceTitle "EXT 2022"]
[Source "ChessBase"]
[SourceDate "2021.10.06"]
[SourceVersion "1"]
[SourceVersionDate "2021.10.06"]
[SourceQuality "1"]

1. c4 e6 2. Nf3 d5 3. b3 c6 4. g3 f5 5. Bg2 Nf6 6. 0-0 Bd6 7. Bb2 0-0 8. d4 b6 9. Ne5 Bb7 10. Nd2 Nbd7 11. Nd3 Rc8 12. Nf3 Qe7 13. Nfe5 Rfd8 14. e3 c5 15. Nxd7 Qxd7 16. cxd5 exd5 17. dxc5 bxc5 18. Bxf6 gxf6 19. Qh5 c4 20. Nf4 Bxf4 21. exf4 Rc7 22. bxc4 Rxc4 23. Rfe1 Bc8 24. Rad1 d4 25. Bd5+ Qxd5 26. Re7 Kf8 27. Rde1 Be6 28. R7xe6 Rc7 29. Qh6+ Kg8 30. Re8+ Rxe8 31. Rxe8+ Kf7 32. Rf8+ Ke7 33. Qxf6+ 1-0

[Event "Montreal Mercredi 05"]
[Site "Montreal"]
[Date "2017.05.31"]
[Round "4"]
[White "Tremblay, Alain"]
[Black "Lopez Linares, Lizandro Fernando"]
[Result "0-1"]
[WhiteElo "2198"]
[BlackElo "2214"]
[PlyCount "68"]
[EventDate "2017.05.10"]
[EventType "swiss"]
[EventRounds "5"]
[EventCountry "CAN"]
[SourceTitle "EXT 2022"]
[Source "ChessBase"]
[SourceDate "2021.10.06"]
[SourceVersion "1"]
[SourceVersionDate "2021.10.06"]
[SourceQuality "1"]

1. d4 d5 2. c4 c6 3. Nf3 Nf6 4. cxd5 cxd5 5. Qb3 Nc6 6. e3 a6 7. Nc3 Na5 8. Qc2 e6 9. Bd3 b5 10. Ne5 Bd6 11. f4 Bb7 12. 0-0 Rc8 13. Qe2 0-0 14. Bd2 Ne4 15. Be1 f5 16. a4 Nb3 17. Rb1 bxa4 18. Nxe4 fxe4 19. Bxa6 Qb6 20. Bxb7 Qxb7 21. Qg4 Rf5 22. Qd1 Bxe5 23. dxe5 Qb6 24. Bf2 h5 25. Qe2 Qc5 26. Rbd1 Qc4 27. Qe1 Rf7 28. Bh4 d4 29. Kh1 d3 30. Qg3 d2 31. Qf2 Qd3 32. g4 Rc1 33. f5 Rxd1 34. Rxd1 Qc2 0-1

[Event "Montreal Mercredi 03"]
[Site "Montreal"]
[Date "2017.04.26"]
[Round "5"]
[White "Tremblay, Alain"]
[Black "Rodrigue Lemieux, Shawn"]
[Result "1/2-1/2"]
[WhiteElo "2225"]
[BlackElo "2222"]
[PlyCount "64"]
[EventDate "2017.03.29"]
[EventType "swiss"]
[EventRounds "5"]
[EventCountry "CAN"]
[SourceTitle "EXT 2022"]
[Source "ChessBase"]
[SourceDate "2021.10.06"]
[SourceVersion "1"]
[SourceVersionDate "2021.10.06"]
[SourceQuality "1"]

1. d4 d5 2. c4 e5 3. dxe5 d4 4. Nf3 Nc6 5. a3 Nge7 6. b4 Ng6 7. Bb2 a5 8. b5 Ncxe5 9. Nxe5 Nxe5 10. e3 Be6 11. Bxd4 Nxc4 12. Qc2 Nd6 13. Bd3 Qg5 14. 0-0 Nxb5 15. Bxb5+ Qxb5 16. Qxc7 Rc8 17. Qf4 Be7 18. Nc3 Qh5 19. Rfb1 Rd8 20. Rb5 Qg6 21. Rxb7 Bd6 22. Be5 Bxe5 23. Qxe5 0-0 24. e4 Rfe8 25. Rab1 Ba2 26. Rd1 f6 27. Qg3 Rxd1+ 28. Nxd1 Qxg3 29. hxg3 Rxe4 30. Nc3 Re1+ 31. Kh2 Be6 32. Rb5 Re5 1/2-1/2

[Event "Montreal Mercredi 02"]
[Site "Montreal"]
[Date "2017.03.15"]
[Round "5"]
[White "Rodrigue Lemieux, Shawn"]
[Black "Tremblay, Alain"]
[Result "1/2-1/2"]
[WhiteElo "2197"]
[BlackElo "2218"]
[PlyCount "30"]
[EventDate "2017.02.15"]
[EventType "swiss"]
[EventRounds "5"]
[EventCountry "CAN"]
[SourceTitle "EXT 2022"]
[Source "ChessBase"]
[SourceDate "2021.10.06"]
[SourceVersion "1"]
[SourceVersionDate "2021.10.06"]
[SourceQuality "1"]

1. e4 e5 2. Nf3 Nc6 3. Bc4 Bc5 4. 0-0 Nf6 5. d4 exd4 6. e5 d5 7. exf6 dxc4 8. Re1+ Be6 9. Ng5 Qd5 10. Nc3 Qf5 11. Nce4 0-0-0 12. g4 Qe5 13. Nxe6 fxe6 14. Nxc5 Qxc5 15. fxg7 Rhg8 1/2-1/2

[Event "Montreal CMA Futurity ABCD"]
[Site "Montreal"]
[Date "2017.02.11"]
[Round "3"]
[White "Tremblay, Alain"]
[Black "Soudre, Nicolas"]
[Result "1/2-1/2"]
[WhiteElo "2059"]
[BlackElo "2080"]
[PlyCount "59"]
[EventDate "2017.02.10"]
[EventType "swiss"]
[EventRounds "5"]
[EventCountry "CAN"]
[SourceTitle "EXT 2022"]
[Source "ChessBase"]
[SourceDate "2021.10.06"]
[SourceVersion "1"]
[SourceVersionDate "2021.10.06"]
[SourceQuality "1"]

1. e4 e6 2. d4 d5 3. Nc3 Bb4 4. e5 c5 5. Bd2 Ne7 6. Nb5 Bxd2+ 7. Qxd2 0-0 8. f4 cxd4 9. Nf3 Nbc6 10. Nbxd4 Nxd4 11. Nxd4 Nc6 12. Nf3 f6 13. Bd3 Bd7 14. 0-0 Be8 15. Rae1 Bg6 16. exf6 Qxf6 17. Bxg6 Qxg6 18. Ng5 Nd8 19. Nxe6 Nxe6 20. Qxd5 Qxc2 21. Rxe6 Kh8 22. Qxb7 Rab8 23. Qe7 Qxb2 24. f5 Qd4+ 25. Kh1 Qd3 26. Ree1 Qd4 27. Rd1 Rxf5 28. Rfe1 Qf2 29. h3 Rbf8 30. a3 1/2-1/2

[Event "Montreal CMA Futurity ABCD"]
[Site "Montreal"]
[Date "2017.02.10"]
[Round "1"]
[White "Tremblay, Alain"]
[Black "Rodrigue Lemieux, Shawn"]
[Result "1/2-1/2"]
[WhiteElo "2059"]
[BlackElo "2036"]
[PlyCount "67"]
[EventDate "2017.02.10"]
[EventType "swiss"]
[EventRounds "5"]
[EventCountry "CAN"]
[SourceTitle "EXT 2022"]
[Source "ChessBase"]
[SourceDate "2021.10.06"]
[SourceVersion "1"]
[SourceVersionDate "2021.10.06"]
[SourceQuality "1"]

1. Nf3 d5 2. c4 e6 3. e3 Nf6 4. b3 Be7 5. Bb2 0-0 6. Be2 c5 7. 0-0 dxc4 8. bxc4 Nc6 9. d4 b6 10. Nc3 cxd4 11. exd4 Bb7 12. d5 exd5 13. Nxd5 Nxd5 14. cxd5 Na5 15. Qa4 Bf6 16. Bxf6 Qxf6 17. Rad1 Rfd8 18. Qe4 Re8 19. Qd3 Rad8 20. d6 Re6 21. d7 Re7 22. Rfe1 Bc6 23. Qa6 Rexd7 24. Rxd7 Rxd7 25. Bb5 g6 26. Bxc6 Qxc6 27. Qe2 Qd6 28. Qe8+ Kg7 29. h4 Nc6 30. Qa8 Qc7 31. Qe8 Re7 32. Rxe7 Nxe7 33. Qa4 Nf5 34. g4 1/2-1/2

[Event "Montreal Mercredi 11"]
[Site "Montreal"]
[Date "2016.11.16"]
[Round "1"]
[White "Tremblay, Alain"]
[Black "Soudre, Nicolas"]
[Result "0-1"]
[WhiteElo "2174"]
[BlackElo "2210"]
[PlyCount "29"]
[EventDate "2016.11.16"]
[EventType "swiss"]
[EventRounds "5"]
[EventCountry "CAN"]
[SourceTitle "EXT 2022"]
[Source "ChessBase"]
[SourceDate "2021.10.06"]
[SourceVersion "1"]
[SourceVersionDate "2021.10.06"]
[SourceQuality "1"]

1. d4 e6 2. Nf3 Nf6 3. e3 c5 4. Bd3 b6 5. 0-0 Bb7 6. c3 Be7 7. Nbd2 d5 8. Ne5 0-0 9. f4 Ne4 10. Qf3 f6 11. Ng4 f5 12. Ne5 Nd7 13. Qh3 Rf6 14. Nxe4 Rh6 15. Ng5 0-1

[Event "Montreal Mercredi 10"]
[Site "Montreal"]
[Date "2016.10.26"]
[Round "3"]
[White "Tremblay, Alain"]
[Black "Lopez Linares, Lizandro Fernando"]
[Result "1/2-1/2"]
[WhiteElo "2175"]
[BlackElo "2251"]
[PlyCount "115"]
[EventDate "2016.10.12"]
[EventType "swiss"]
[EventRounds "5"]
[EventCountry "CAN"]
[SourceTitle "EXT 2022"]
[Source "ChessBase"]
[SourceDate "2021.10.06"]
[SourceVersion "1"]
[SourceVersionDate "2021.10.06"]
[SourceQuality "1"]

1. c4 e6 2. Nf3 Nf6 3. Nc3 d5 4. e3 Nbd7 5. b3 b6 6. Bb2 Bb7 7. Be2 Be7 8. Qc2 dxc4 9. Bxc4 0-0 10. d4 a6 11. Rd1 b5 12. Bd3 c5 13. dxc5 Bxc5 14. 0-0 Rc8 15. Qb1 Qb6 16. Ne4 Bxe4 17. Bxe4 h6 18. h3 Rfd8 19. Rfe1 Bb4 20. Re2 Bc3 21. Bxc3 Rxc3 22. Red2 Rdc8 23. Nd4 b4 24. Ne2 R3c7 25. Rd6 Qa5 26. Nd4 Kf8 27. Bf3 Nb8 28. g3 Qe5 29. Ne2 Ke7 30. R6d4 a5 31. Qd3 Nbd7 32. Qa6 Rc2 33. Nf4 g5 34. Nh5 Qc7 35. Nxf6 Nxf6 36. Bb7 Rb8 37. Bf3 Rc5 38. Qe2 Rc8 39. R4d2 Qe5 40. Qa6 Qc7 41. Qe2 Kf8 42. Qd3 Kg7 43. Qa6 h5 44. Qd3 Qe5 45. Qa6 Rc3 46. Qe2 h4 47. g4 Nh7 48. Rd7 Nf8 49. R7d6 Ng6 50. R6d2 R8c7 51. Bg2 Qc5 52. Qf3 Rc1 53. Qe4 Rxd1+ 54. Rxd1 Qc3 55. Qa8 Qc5 56. Qd8 Rc8 57. Qd2 Ne5 58. Be4 1/2-1/2